02817nam a2200361 i 4500003000400000005001700004007000300021008004100024020001800065020001800083020001500101040003500116041001300151082001600164100004000180245011200220250003200332264005500364300002500419336002700444337003300471338002800504500146400532521003801996534002902034650004902063650006202112650006602174700003602240942001202276999001702288952015002305OSt20210108130619.0ta201112m20192020ck er 000 0 spa d a9788408035152 a9789584237033 a9584237039 aCO-BoRNBPbspaerdacCO-BoRNBP1 aspaheng04a507.2bS13m1 aSagan, Carld1934-1996eautor9617813aEl mundo y sus demoniosbla ciencia como una luz en la oscuridadcCarl Sagan ; traducción de Dolors Udina aVigésima quinta edición 1aBogotábEditorial Planeta colombianac2019c2020 a493 páginasc23 cm atextobtxt2rdacontent asin mediaciónbn2rdamedia avolumenbnc2rdacarrier a¿Estamos al borde de una nueva edad oscura de irracionalismo y superstición? En este libro conmovedor y argumentado con brillantez, el científico de renombre internacional Cari Sagan demuestra que el pensamiento científico es necesario para salvaguardar nuestras instituciones democráticas y nuestra civilización técnica. El mundo y sus demonios es su libro más personal y está más lleno de historias humanas entrañables y reveladoras que todo lo escrito por Sagan anteriormente. El autor, con las experiencias de su propia infancia y la apasionante historia de los descubrimientos de la ciencia, muestra cómo el método del pensamiento racional puede superar prejuicios y supersticiones para dejar al descubierto la verdad, que, con frecuencia, resulta sorprendente. Desenmascara de forma convincente las «abducciones por extraterrestres», los «canalizadores», el fraude de los curanderos, la «Cara en Marte», entre otras muchas falacias. Rechaza, asimismo, la idea de que la ciencia destruye la espiritualidad o de que es otro sistema arbitrario de creencias. Se pregunta por qué la actividad científica suele ser hoy estigmatizada, discute los peligros de utilizar mal la ciencia y proporciona un «método de detección de camelos» en el pensamiento político, social y religioso. Controvertido, provocador, sugestivo, El mundo y sus demonios será sin duda un libro del que se hablará y discutirá con pasión. aRecomendado para público adulto tThe demond-haunted world172LEMBaCienciavCuriosidades y enigmas974949172LEMBaCiencia del espaciovCuriosidades y enigmas9167687172LEMBaCiencia y civilizaciónvCuriosidades y enigmas9202101 aUdina, Dolorsetraductora99072 2ddccBK c12726d12726 00102ddc40708GENaBPMOSbBPMOSd2021-01-08eCompraiNTl17m6o507.2 S13mpMOS500361r2026-04-14s2026-04-06tej 1w2021-01-08yBKzOcho dias